| 000 | 00968aab a2200205 i 4500 | ||
|---|---|---|---|
| 001 | 768714001 | ||
| 003 | CO-MdFUSB | ||
| 005 | 20240422091529.0 | ||
| 008 | 240417t1986 ag ||||| |||| 00| 0 spa d | ||
| 040 |
_bspa _cCO-MdFUSB |
||
| 041 | _aspa | ||
| 100 | 1 |
_aMaldonado, Jorge E. _eautor |
|
| 245 | 3 |
_aEl divorcio _c/ Jorge E. Maldonado |
|
| 300 |
_aVolumen 5, número 1, (marzo, 1986), página: 21 _c; 27 cm |
||
| 520 | _aParece que es más fácil pensar en el divorcio. En medio de una sociedad completamente permisiva, que relativiza casi todos los principios éticos y morales, los divorcios han crecido vertiginosamente en las estadísticas de casi todos los países. Incluso el sistema legal de algunos países y el poder moral de la iglesia no pudieron detener ese impulso. | ||
| 650 | 0 |
_aFamilias _9292 |
|
| 650 | 0 |
_aDivorcio _9786 |
|
| 773 | 0 |
_tIglesia y Misión _049402 _959679 _gVolumen 5, número 1, (marzo, 1986), página: 21 _qpágina: 21 |
|
| 942 | _cANA | ||
| 999 |
_c51644 _d51644 |
||